000 00369nam a2200157Ia 4500
003 Ost
005 20260225132554.0
008 260225s9999||||xx |||||||||||||| ||und||
040 _cfsic
041 _afre
082 _a440
100 _aHenri Boyer
_eAuteur
245 0 _aScénes de télévision en banlieues 1950-1994 /
245 0 _cHenri Boyer
942 _cكتاب
999 _c34317
_d34317